000 00706nam a22002177a 4500
003 OSt
005 20251126113754.0
008 251126b |||||||| |||| 00| 0 eng d
020 _a978-0-470-03061-5.
040 _aDWCL-Main lib
_cOC
082 _aCirc. 624.1773 L693a 2007
100 _aLi, Gou-Qiang
245 _aAdvanced analysis and design of steel frames
_cLi, Gou-Qiang
260 _aEngland :
_bJohn Wiley & Sons, Ltd.,
_cc2007.
300 _axv, 368 pages :
_billustration ;
_c25 cm.
504 _aIncludes bibliographical references and index.
650 _21. Structural analysis ( Engineering).
650 _22. Structural steel.
700 _aLi, Jin-Jun
942 _2ddc
_cBK-CIRC
_kCirc.
_n0
999 _c6386
_d6386